<?xml version="1.0" encoding="UTF-8"?>
<record
    xmlns:xsi="http://www.w3.org/2001/XMLSchema-instance"
    xsi:schemaLocation="http://www.loc.gov/MARC21/slim http://www.loc.gov/standards/marcxml/schema/MARC21slim.xsd"
    xmlns="http://www.loc.gov/MARC21/slim">

  <leader>01140nam a2200193 i 4500</leader>
  <controlfield tag="001">3673</controlfield>
  <controlfield tag="003">ES-MaACL</controlfield>
  <controlfield tag="005">20250902073145.0</controlfield>
  <controlfield tag="008">200220s1967    sp           |||| | spa d</controlfield>
  <datafield tag="245" ind1="0" ind2="0">
    <subfield code="a">Siderometalurgia </subfield>
    <subfield code="b">: Reglamentaci&#xF3;n nacional de trabajo en la industria siderometal&#xFA;rgica... en la industria metalgr&#xE1;fica y de construcci&#xF3;n de envases m&#xE9;talicos.- Normas de &#xF3;ptica y mec&#xE1;nica de precisi&#xF3;n..., de tendido de l&#xED;neas de conducci&#xF3;n de energ&#xED;a el&#xE9;ctrica y electrificaci&#xF3;n de ferrocarriles y trolebuses.- Modificaciones y aclaraciones al d&#xED;a.- Convenios colectivos sindicales.- Decretos 2419 y 2946/66 y normas para su aplicaci&#xF3;n.- Estatutos de las Mutualidades Laborales.</subfield>
  </datafield>
  <datafield tag="260" ind1=" " ind2=" ">
    <subfield code="a">Madrid : </subfield>
    <subfield code="b">Garc&#xED;a Enciso, </subfield>
    <subfield code="c">1967.</subfield>
  </datafield>
  <datafield tag="300" ind1=" " ind2=" ">
    <subfield code="a">366 p. ; </subfield>
    <subfield code="c">15 cm.</subfield>
  </datafield>
  <datafield tag="490" ind1="1" ind2=" ">
    <subfield code="a">Colecci&#xF3;n "Garc&#xED;a Enciso"</subfield>
  </datafield>
  <datafield tag="650" ind1=" " ind2="4">
    <subfield code="a">Trabajadores de la industria sider&#xFA;rgica-</subfield>
    <subfield code="x">Estatuto jur&#xED;dico-</subfield>
    <subfield code="z">Espa&#xF1;a.</subfield>
    <subfield code="9">165906</subfield>
  </datafield>
  <datafield tag="650" ind1=" " ind2="4">
    <subfield code="a">Trabajadores de la industria metal&#xFA;rgica-</subfield>
    <subfield code="x">Estatuto jur&#xED;dico-</subfield>
    <subfield code="z">Espa&#xF1;a.</subfield>
    <subfield code="9">169620</subfield>
  </datafield>
  <datafield tag="830" ind1="0" ind2="0">
    <subfield code="a">Colecci&#xF3;n "Garc&#xED;a Enciso"</subfield>
    <subfield code="9">176884</subfield>
  </datafield>
  <datafield tag="852" ind1=" " ind2=" ">
    <subfield code="a">ES-MaACL</subfield>
    <subfield code="j">P-1332-19</subfield>
  </datafield>
  <datafield tag="999" ind1=" " ind2=" ">
    <subfield code="c">3673</subfield>
    <subfield code="d">3673</subfield>
  </datafield>
  <datafield tag="952" ind1=" " ind2=" ">
    <subfield code="0">0</subfield>
    <subfield code="1">0</subfield>
    <subfield code="4">0</subfield>
    <subfield code="7">0</subfield>
    <subfield code="a">ATENEOM</subfield>
    <subfield code="b">ATENEOM</subfield>
    <subfield code="c">DEPO2</subfield>
    <subfield code="d">2005-05-10</subfield>
    <subfield code="e">DON</subfield>
    <subfield code="l">0</subfield>
    <subfield code="o">P-1332-19</subfield>
    <subfield code="p">1201572</subfield>
    <subfield code="r">2023-02-23 00:00:00</subfield>
    <subfield code="w">2023-02-23</subfield>
    <subfield code="y">MONOGRAFIA</subfield>
  </datafield>
</record>
